Telecommunications : (Record no. 6963)

MARC details
000 -LEADER
fixed length control field 00598nam a2200217 4500
005 - DATE AND TIME OF LATEST TRANSACTION
control field 20260219082539.0
006 - FIXED-LENGTH DATA ELEMENTS--ADDITIONAL MATERIAL CHARACTERISTICS--GENERAL INFORMATION
fixed length control field 000
007 - PHYSICAL DESCRIPTION FIXED FIELD--GENERAL INFORMATION
fixed length control field 000
008 - FIXED-LENGTH DATA ELEMENTS--GENERAL INFORMATION
fixed length control field 000
020 ## - INTERNATIONAL STANDARD BOOK NUMBER
International Standard Book Number 0139026282
040 ## - CATALOGING SOURCE
Original cataloging agency UOEL
050 ## - LIBRARY OF CONGRESS CALL NUMBER
Classification number TK5102.5
Item number .T66 1988
100 ## - MAIN ENTRY--PERSONAL NAME
Personal name Tomasi, Wayne
245 ## - TITLE STATEMENT
Title Telecommunications :
Remainder of title voice/data with fiber optics applications /
Statement of responsibility, etc Wayne Tomasi and Vincent F. Alisouskas
260 ## - PUBLICATION, DISTRIBUTION, ETC. (IMPRINT)
Place of publication, distribution, etc London :
Name of publisher, distributor, etc Prentice-Hall International Inc.,
Date of publication, distribution, etc c1988.
300 ## - PHYSICAL DESCRIPTION
Extent vi, 351 p. :
Other physical details ill.
500 ## - GENERAL NOTE
General note Includes index
650 ## - SUBJECT ADDED ENTRY--TOPICAL TERM
Topical term or geographic name as entry element Telecommunications
700 ## - ADDED ENTRY--PERSONAL NAME
Personal name Alisouskas, Vincent F.
942 ## - ADDED ENTRY ELEMENTS (KOHA)
Source of classification or shelving scheme Library of Congress Classification
Item type BOOK
Holdings
Withdrawn status Lost status Source of classification or shelving scheme Damaged status Not for loan Home library Current library Shelving location Date acquired Total Checkouts Full call number Barcode Date last seen Copy number Price effective from Koha item type
    Library of Congress Classification     UOE Main Library UOE Main Library Open shelf 08/05/2015   TK5102.5 .T66 1988 20144534 08/05/2015 20144534 08/05/2015 Loan - Normal on open shelf
    Library of Congress Classification     UOE Main Library UOE Main Library Open shelf 19/02/2026   TK5102.5 .T66 1988 20144533 19/02/2026 20144533 19/02/2026 Loan - Normal on open shelf